Fundamental processes of dye chemistry / (Record no. 17751)
[ view plain ]
| 000 -LEADER | |
|---|---|
| fixed length control field | 00946cam a22002652 4500 |
| 001 - CONTROL NUMBER | |
| control field | 17751 |
| 003 - CONTROL NUMBER IDENTIFIER | |
| rucl marc code | BD-RjUL |
| 005 - DATE AND TIME OF LATEST TRANSACTION | |
| control field | 20211209000203.0 |
| 008 - FIXED-LENGTH DATA ELEMENTS--GENERAL INFORMATION | |
| fixed length control field | 140217s1949 nyua b 001 0 eng d |
| 035 ## - SYSTEM CONTROL NUMBER | |
| System control number | OCLC ocm00567397 from D970811M |
| -- | (BD-RjUL)17809 |
| 040 ## - CATALOGING SOURCE | |
| Original cataloging agency | DLC |
| Transcribing agency | WSU |
| Modifying agency | SER |
| -- | BD-RjUL |
| Language of cataloging | eng |
| 041 1# - LANGUAGE CODE | |
| Language code of text/sound track or separate title | eng |
| Language code of original | ger |
| 082 ## - DEWEY DECIMAL CLASSIFICATION NUMBER | |
| Classification number | 667.2 |
| Author mark and year | FIF 1949 |
| 100 1# - MAIN ENTRY--PERSONAL NAME | |
| Personal name | Fierz-David, Hans Eduard, |
| Dates associated with a name | 1882- |
| 9 (RLIN) | 54749 |
| 245 10 - TITLE STATEMENT | |
| Title | Fundamental processes of dye chemistry / |
| Statement of responsibility, etc. | by Hans Eduard Fierz-David and Louis Blangey. Tr. from the 5th Austrian ed., by Paul W. Vittum. |
| 260 ## - PUBLICATION, DISTRIBUTION, ETC. (IMPRINT) | |
| Place of publication, distribution, etc. | New York : |
| Name of publisher, distributor, etc. | Interscience Publishers, |
| Date of publication, distribution, etc. | 1949. |
| 300 ## - PHYSICAL DESCRIPTION | |
| Pagination | xxix, 479 p. : |
| Illustrations | ill. ; |
| Size | 24 cm. |
| 500 ## - GENERAL NOTE | |
| General note | Includes index. |
| 504 ## - BIBLIOGRAPHY, ETC. NOTE | |
| Bibliography, etc | "Literature on analysis of dyes": p. 410. |
| 650 #0 - SUBJECT ADDED ENTRY--TOPICAL TERM | |
| Topical term or geographic name as entry element | Dyes and dyeing |
| General subdivision | Chemistry. |
| 9 (RLIN) | 54750 |
| 700 1# - ADDED ENTRY--PERSONAL NAME | |
| Personal name | Blangey, Louis. |
| Personal name | Vittum, Paul Wendell, |
| Dates associated with a name | 1909- |
| 942 ## - ADDED ENTRY ELEMENTS (KOHA) | |
| Source of classification or shelving scheme | Dewey Decimal Classification |
| Koha item type | Books |
| Lost status | Source of classification or shelving scheme | Damaged status | Not for loan | Collection code | Permanent Location | Current Location | Shelving location | Date acquired | Source of acquisition | Cost, normal purchase price | Total Checkouts | Full call number | Date last seen | Copy number | Koha item type |
|---|---|---|---|---|---|---|---|---|---|---|---|---|---|---|---|
| Dewey Decimal Classification | Non-fiction | Central Library, University of Rajshahi | Central Library, University of Rajshahi | 27/11/1965 | Zeitlinger | 100.00 | 667.2 FIF 1949 | 17/02/2014 | C-2 | Books | |||||
| Dewey Decimal Classification | Not For Loan | Non-fiction | Central Library, University of Rajshahi | Central Library, University of Rajshahi | Reading Room | 27/11/1965 | Zeitlinger | 100.00 | 667.2 FIF 1949 | 11/04/2017 | C-1 | Books | |||
| Dewey Decimal Classification | Non-fiction | Central Library, University of Rajshahi | Central Library, University of Rajshahi | 16/04/1968 | Swets & Zeitlinger | 133.00 | 667.2 FIF 1949 | 17/11/2019 | C-3 | Books | |||||
| Dewey Decimal Classification | Non-fiction | Central Library, University of Rajshahi | Central Library, University of Rajshahi | 16/04/1968 | Swets & Zeitlinger | 133.00 | 667.2 FIF 1949 | 17/11/2019 | C-4 | Books | |||||
| Dewey Decimal Classification | Non-fiction | Central Library, University of Rajshahi | Central Library, University of Rajshahi | 21/05/1968 | central aid scientific book programe | 133.00 | 667.2 FIF 1949 | 17/11/2019 | C-5 | Books | |||||
| Dewey Decimal Classification | Non-fiction | Central Library, University of Rajshahi | Central Library, University of Rajshahi | 22/08/1968 | Swets & Zeitlinger | 131.00 | 667.2 FIF 1949 | 17/11/2019 | C-6 | Books | |||||
| Dewey Decimal Classification | Non-fiction | Central Library, University of Rajshahi | Central Library, University of Rajshahi | 22/08/1968 | Swets & Zeitlinger | 131.00 | 667.2 FIF 1949 | 17/11/2019 | C-7 | Books | |||||
| Dewey Decimal Classification | Non-fiction | Central Library, University of Rajshahi | Central Library, University of Rajshahi | 22/08/1968 | Swets & Zeitlinger | 131.00 | 667.2 FIF 1949 | 17/11/2019 | C-8 | Books | |||||
| Dewey Decimal Classification | Non-fiction | Central Library, University of Rajshahi | Central Library, University of Rajshahi | 22/08/1968 | Swets & Zeitlinger | 131.00 | 667.2 FIF 1949 | 17/11/2019 | C-9 | Books | |||||
| Dewey Decimal Classification | Non-fiction | Central Library, University of Rajshahi | Central Library, University of Rajshahi | 22/08/1968 | zaitlinger | 131.00 | 667.2 FIF 1949 | 17/11/2019 | C-10 | Books |